|
|
|
|
| LEADER |
00000cam a2200000 i 4500 |
| 001 |
1/102687 |
| 008 |
090313s1996 eng d |
| 020 |
|
|
|a 978-1-85573-306-0
|
| 035 |
|
|
|l 10103761
|
| 040 |
|
|
|a GR-MY-UA
|b gre
|e aacr
|
| 041 |
0 |
|
|a eng
|
| 082 |
0 |
|
|a 628.4458
|2 (22)
|
| 245 |
1 |
0 |
|a Recycling textile and plastic waste /
|c edited by A. Richard Horrocks.
|
| 260 |
|
|
|a Cambridge :
|b Woodhead,
|c 1996.
|
| 300 |
|
|
|a vii, 178 σ. :
|b εικ. ;
|c 30 εκ.
|
| 500 |
|
|
|a Συνέδριο που οργανώθηκε κυρίως από το Bolton Institute και British Textile Technology Group.
|
| 504 |
|
|
|a Περιέχει βιβλιογραφικές παραπομπές.
|
| 650 |
0 |
0 |
|a Recycling (Waste, etc.)
|x Congresses.
|
| 650 |
0 |
0 |
|a Textile waste
|x Recycling
|x Congresses.
|
| 650 |
0 |
0 |
|a Plastic scrap
|x Recycling
|x Congresses.
|
| 700 |
1 |
|
|a Horrocks, A. Richard,
|e edt
|
| 710 |
2 |
|
|a Bolton Institute.
|
| 710 |
2 |
|
|a British Textile Technology Group.
|
| 852 |
|
|
|a INST
|b LESVOS
|e 20090313
|h 628.4458 REC
|p 005100044506
|q 005100044506
|t BK
|y 0
|
| 901 |
|
|
|a BIBL1-2009-1
|
| 909 |
|
|
|a Λ
|b 154128
|
| 922 |
|
|
|a 1ΕΛΗ
|b 200809
|c ΕΠΕΑΕΚ2/ΤΠ
|d ΜΙΧΑΛΟΠΟΥΛΟΣ
|
| 970 |
|
|
|a ΚΑΡΑ
|b ΓΙΑΣΕΜΗ
|z 2009/03/13
|